Rozdelenie spoločnosti odštiepením

Pripravujeme podnikovú premenu, konkrétne rozdelenie jednej obchodnej spoločnosti na dve obchodné spoločnosti tak, že rozdeľovaná spoločnosť A nezanikne, ale časť z nej prejde do novej spoločnosti B.

Gespeichert in:
Bibliographische Detailangaben
1. Verfasser: Pastierik, Vladimír
Format: Buchkapitel
Sprache:Slowakisch
Schlagworte:
Tags: Tag hinzufügen
Keine Tags, Fügen Sie das erste Tag hinzu!

MARC

LEADER 00000naa a2200000 4500
001 0312844
005 20251016104741.2
041 0 |a slo 
044 |a SK 
245 1 0 |a Rozdelenie spoločnosti odštiepením  |c Vladimír Pastierik 
520 |a Pripravujeme podnikovú premenu, konkrétne rozdelenie jednej obchodnej spoločnosti na dve obchodné spoločnosti tak, že rozdeľovaná spoločnosť A nezanikne, ale časť z nej prejde do novej spoločnosti B. 
610 2 0 |a legislatíva 
610 2 0 |a spoločnosti obchodné 
610 2 0 |a rozdelenie podniku 
610 2 0 |a zákonník obchodný 
610 2 0 |a zákony 
610 2 0 |a založenie podniku 
100 1 |a Pastierik, Vladimír